| 000 | 00444nam a2200169Ia 4500 | ||
|---|---|---|---|
| 008 | 230711s9999||||xx |||||||||||||| ||und|| | ||
| 020 | _a978-0-08-100574-3 | ||
| 041 | _aENG | ||
| 082 |
_a620.112 _bKO-S |
||
| 100 | _aKoncar,Vladan | ||
| 245 | 0 | _aSmart Textile Engineering and Their Applications | |
| 250 | _a1st Ed. | ||
| 260 |
_c2016 _aCamberidge _bWoodhead Publishing Ltd |
||
| 300 | _a722p. | ||
| 650 | _aTextile Engineering | ||
| 942 | _cBK | ||
| 999 |
_c6817 _d6817 |
||